000 00464nam a2200169Ia 4500
003 GCL
008 140319s9999 xx 000 0 eng d
040 _aGCL /
_cGCL
082 0 4 _a418.007
_bR A
100 1 _aRICHARDS, JACK C.
245 1 0 _aAPPROACHES AND METHDS IN LANGUAGE TEACHING LIBRARY /
_cRICHARDS, JACK C.
260 _a[S.N] :
_bCOMBRIDGE UNIVERSITY PRESS
300 _a171 P
650 0 4 _aSTUDY AND TEACHING
650 0 4 _aLANGUAGES
942 _2ddc
_cBK
999 _c17794
_d17794